Vito Hannibal Acconci studio / (Record no. 409)

MARC details
000 -LEADER
campo de control de longitud fija 02269cam a22003254a 4500
001 - NÚMERO DE CONTROL
campo de control 14099193
005 - FECHA Y HORA DE LA ÚLTIMA TRANSACCIÓN
campo de control 20220326193309.0
007 - CAMPO FIJO DE DESCRIPCIÓN FÍSICA--INFORMACIÓN GENERAL
campo de control de longitud fija vd cvaiz|
008 - DATOS DE LONGITUD FIJA--INFORMACIÓN GENERAL
campo de control de longitud fija 050907s2004 sp a bc 000 0 spa
010 ## - NÚMERO DE CONTROL DE LA BIBLIOTECA DEL CONGRESO
Número de control de LC 2005451624
020 ## - NÚMERO INTERNACIONAL ESTÁNDAR DEL LIBRO
Número Internacional Estándar del Libro 849595172X
040 ## - FUENTE DE CATALOGACIÓN
Centro catalogador/agencia de origen DLC
Centro/agencia transcriptor DLC
Centro/agencia modificador DLC
082 ## - NÚMERO DE LA CLASIFICACIÓN DECIMAL DEWEY
Número de clasificación 708
Número de ítem A172v
100 1# - ENTRADA PRINCIPAL--NOMBRE DE PERSONA
Nombre de persona Acconci, Vito,
Fechas asociadas al nombre 1940-
9 (RLIN) 1966
245 10 - MENCIÓN DEL TÍTULO
Título Vito Hannibal Acconci studio /
Mención de responsabilidad, etc. [edición, Mela Dávila].
260 ## - PUBLICACIÓN, DISTRIBUCIÓN, ETC.
Lugar de publicación, distribución, etc. Barcelona :
Nombre del editor, distribuidor, etc. Museu d'Art Contemporani de Barcelona,
Fecha de publicación, distribución, etc. c2004.
300 ## - DESCRIPCIÓN FÍSICA
Extensión 508 p. :
Otras características físicas ill. ;
Dimensiones 22 cm. +
Material acompañante/anejo 1 videodisc (DVD : sd., col. ; 4 3/4 in.)
500 ## - NOTA GENERAL
Nota general Catalog of an exhibition held at Musée des Beaux-Arts de Nantes, July 16-Oct. 17, 2004 and Museu d'Art Contemporani de Barcelona, Nov. 18, 2004-Feb. 20, 2005.
500 ## - NOTA GENERAL
Nota general Accompanying DVD is titled "Acconci Studio, interiors, buildings, parks" by Julia Loktev.
504 ## - NOTA DE BIBLIOGRAFÍA, ETC.
Nota de bibliografía, etc. Includes bibliographical references (p. 496-[509]).
505 ## - NOTA DE CONTENIDO CON FORMATO
Título Introduccion
Mención de responsabilidad Corinne Diserens
Título Entrevista con Vito Acconi e Yvonne Rainer
Mención de responsabilidad Christophe Wavelet
Título Poemas
Mención de responsabilidad Vito Hannibal Acconci
Título 0 to 9 y a la inversa. Entrevista con Vito Acconci
Mención de responsabilidad Thurtston Moore
Título Extractos 0 to 9
-- De 0 a 9: transcribir-interpretar-escribir
Mención de responsabilidad Sylvie Mokhtari
Título Obras
Mención de responsabilidad Vito Acconci
Título Fragil como un gorrion, pero tenaz...Entrevista con vito Acconci
Mención de responsabilidad Liza Bear
Título West,He said (al oeste, dijo el)
Mención de responsabilidad Vito Acconci
Título Light My Voice (El arte publico esta aqui para quedarse)
Mención de responsabilidad Jean Charles Massara
Título Obras
Mención de responsabilidad Vito Acconci
Título La construccion es un texto. Vito Acconci/Acconci Studio-Arquitectura
Mención de responsabilidad Lillian Pfaff
Título Obras/Proyectos
Mención de responsabilidad Acconci Studio
Título Espacio Publico en un tiempo privado
Mención de responsabilidad Vito Acconci
Título Cronologia. Proyectos de arquitectura en DVD
Mención de responsabilidad Sarina Basta. Julia Loktev
538 ## - NOTA DE DETALLES DEL SISTEMA
Nota de detalles del sistema System requirements for accompanying DVD: Mac.
600 10 - PUNTO DE ACCESO ADICIONAL DE MATERIA--NOMBRE DE PERSONA
Nombre de persona Acconci, Vito,
Fechas asociadas al nombre 1940-
Subdivisión de forma Exhibitions.
9 (RLIN) 1967
650 ## - PUNTO DE ACCESO ADICIONAL DE MATERIA--TÉRMINO DE MATERIA
Término de materia o nombre geográfico como elemento de entrada Arte Contemporaneo
Subdivisión general Exhibiciones
9 (RLIN) 1968
700 1# - ENTRADA AGREGADA--NOMBRE PERSONAL
Nombre de persona Dávila, Mela.
9 (RLIN) 1969
710 2# - ENTRADA AGREGADA--NOMBRE DE ENTIDAD CORPORATIVA
Nombre de entidad corporativa o nombre de jurisdicción como elemento de entrada Museu d'Art Contemporani (Barcelona, Spain)
9 (RLIN) 1673
710 2# - ENTRADA AGREGADA--NOMBRE DE ENTIDAD CORPORATIVA
Nombre de entidad corporativa o nombre de jurisdicción como elemento de entrada Nantes (France).
Unidad subordinada Musée des beaux-arts.
9 (RLIN) 1970
906 ## - ELEMENTOS DE DATOS F LOCAL, LDF (RLIN)
a 7
b cbc
c orignew
d 3
e ncip
f 20
g y-gencatlg
Holdings
Estatus retirado Estado de pérdida Fuente del sistema de clasificación o colocación Estado de daño No para préstamo Biblioteca de origen Biblioteca actual Ubicación en estantería Fecha de adquisición Total de préstamos Signatura topográfica completa Código de barras Visto por última vez Precio de reemplazo Tipo de ítem Koha
    Clasificación Decimal Dewey     Biblioteca LadoV Biblioteca LadoV   23/01/2015   708 A172v 000556 23/01/2015 23/01/2015 Material 01